Complete the Movie Title #1 - Statistics

General Stats
  • This quiz has been taken 122 times
  • The average score is 9 of 15
Answer Stats
Year Movie % Correct
1999 Fight {Club}
96%
1994 Pulp {Fiction}
95%
1994 The Lion {King}
94%
2012 Django {Unchained}
88%
2017 Wonder {Woman}
83%
1949 The Third {Man}
70%
2017 Get {Out}
67%
2001 Donnie {Darko}
66%
2003 Lost in {Translation}
55%
1997 The Fifth {Element}
55%
1987 Empire of the {Sun}
53%
1999 The Iron {Giant}
35%
1992 Army of {Darkness}
20%
1982 The King of {Comedy}
9%
1973 Fantastic {Planet}
5%
No matching quizzes found
Score Distribution
Percent of People with Each Score
Percentile by Number Answered
Your Score History
You have not taken this quiz